LIBRARY & INFORMATION CENTRE, KCAET, TAVANUR

ONLINE PUBLIC ACCESS CATALOGUE (OPAC)

Elementary genetics / (Record no. 10274)

MARC details
000 -LEADER
fixed length control field 00461cam a2200181ua 4500
041 ## - LANGUAGE CODE
Language code of text/sound track or separate title eng
082 ## - DEWEY DECIMAL CLASSIFICATION NUMBER
Classification number 591.15
Item number SIN/EL
100 ## - MAIN ENTRY--AUTHOR NAME
Personal name Singleton, Ralph W .
245 ## - TITLE STATEMENT
Title Elementary genetics /
250 ## - EDITION STATEMENT
Edition statement 1 /
260 ## - PUBLICATION, DISTRIBUTION, ETC. (IMPRINT)
Place of publication New Delhi :
Name of publisher Affiliated East West Press Pvt Ltd ,
Year of publication 1967.
300 ## - PHYSICAL DESCRIPTION
Number of Pages 482 ; .
942 ## - ADDED ENTRY ELEMENTS (KOHA)
Koha item type Books
Holdings
Withdrawn status Lost status Damaged status Home library Current library Date acquired Full call number Accession Number Koha item type
      KAUAET KAUAET 07/04/2012 591.15 SIN/EL 12389 Books
free website counter